| 000 | 00921akm a2200373a 44500 | ||
|---|---|---|---|
| 008 | 991111s1999 cat | ||
| 041 | _acat | ||
| 080 | _a523(038) | ||
| 110 |
_aEDIGOL _968877 |
||
| 245 | _aEl sistema solar | ||
| 245 | _cEdigol. | ||
| 245 | _h[cartell] | ||
| 260 | _aEsplugues de Llobregat | ||
| 260 | _bEdigol | ||
| 260 | _c1999 | ||
| 300 | _bil. | ||
| 490 | _aLàmines de la Naturalesa | ||
| 500 | _aImprès al dors del cartell "El Cicle de l'aigua" | ||
| 500 | _btermcat | ||
| 520 | _a25 | ||
| 591 | _a6254 | ||
| 592 | _aObra terminològica | ||
| 593 | _aCA | ||
| 594 | _a6254 | ||
| 650 |
_aastronomia _963152 |
||
| 650 |
_asistema solar _968865 |
||
| 830 |
_aLàmines de la Naturalesa _968864 |
||
| 901 | _c<1999> | ||
| 902 | _a991111 | ||
| 942 |
_cMO _n0 |
||
| 999 |
_c58014 _d58014 |
||